000 00431nam a2200157 i 4500
001 40567
003 ES-MaACL
005 20230906160246.0
007 t|
008 030306s1928 sp ||||1| gao d
100 1 _aCarré Alvarellos, Leandro.
_935602
245 1 0 _aDiccionario galego-castelán /
_cLeandro Carré Alvarellos.
260 _aLa Coruña :
_bLar,
_c1928.
300 _a2 v. ;
_c16 cm.
852 _aES-MaACL
_jF-13678-79
999 _c40567
_d40567